MARC
| LEADER | 00000cam a2200000 7i4500 | ||
|---|---|---|---|
| 001 | 0000012399 | ||
| 005 | 20050629.0 | ||
| 020 | |a 0409999466 | ||
| 040 | |a INS | ||
| 090 | 0 | 0 | |a KF5935 |b 30P492 2001 |
| 100 | 1 | |a Andrew Phang Boon Leong | |
| 245 | 1 | 0 | |a Law of contract : |b First Singapore and Malaysian student's edition |c Andrew Phang Boon Leong |
| 260 | |a Butterworth Asia : |b 2001 | ||
| 300 | |a ixxxivp : |b 734p ; |c 25cm. | ||
| 650 | 0 | 0 | |a Contracts |x Malaysia |
| 650 | 0 | 0 | |a Contracts |x Singapore |
| 999 | |a 0000012031 |b BOOK |c Open Shelf |e Default branch | ||